MARC

LEADER 00000nam0a2200000 4500
001 339022
005 20231102005114.0
035 |a (RuTPU)RU\TPU\book\365527 
090 |a 339022 
100 |a 20171207d1963 k y0rusy50 ca 
101 0 |a rus 
102 |a RU 
105 |a a z 001zy 
200 1 |a Крупнопанельные стеновые ограждающие конструкции промышленных зданий  |f А. Г. Марголин, М. В. Раков  |g Ленинградский проектный и научно-исследовательский институт стройматериалов (ЛенпроектНИИМС) 
210 |a Москва  |a Ленинград  |c Госстройиздат  |d 1963 
215 |a 144 с.  |c ил.  |e 1 л. 
320 |a Библиогр.: с. 142-143 с. 
606 1 |a Ограждающие конструкции промышленных зданий, крупнопанельные  |x Стеновые  |2 stltpush  |3 (RuTPU)RU\TPU\subj\46788  |9 65884 
610 1 |a классификация 
610 1 |a типоразмеры 
610 1 |a строительная теплотехника 
610 1 |a материалы 
610 1 |a изготовление 
610 1 |a конструкции 
610 1 |a фасады 
610 1 |a монтаж 
675 |a 692.23  |v 4 
700 1 |a Марголин  |b А. Г.  |g Аркадий Григорьевич 
701 1 |a Раков  |b М. В. 
712 0 2 |a Ленинградский проектный и научно-исследовательский институт стройматериалов (ЛенпроектНИИМС)  |2 stltpush  |3 (RuTPU)RU\TPU\col\13365 
801 1 |a RU  |b 63413507  |c 20171207 
801 2 |a RU  |b 63413507  |c 20190129  |g RCR 
942 |c BK